Κατάλογος Βιβλιοθηκών Mediterranean College

Being Direct / Making Advertising Pay (Record no. 2826)

MARC details
000 -LEADER
fixed length control field 00918cam a22001934a 4500
005 - ΗΜΕΡΟΜΗΝΙΑ ΚΑΙ ΩΡΑ ΤΕΛΕΥΤΑΙΑΣ ΕΝΗΜΕΡΩΣΗΣ
Πεδίο ελέγχου 20250605164054.0
008 - FIXED-LENGTH DATA ELEMENTS--GENERAL INFORMATION
Πεδίο ελέγχου σταθερού μήκους 250528s ||||||||||||||||||||||||d
035 ## - SYSTEM CONTROL NUMBER
System control number 17405
020 ## - ISBN
ISBN 394540638
040 ## - ΠΗΓΗ ΚΑΤΑΛΟΓΟΓΡΑΦΗΣΗΣ
Φορέας πρωτότυπης καταλογογράφησης MC Athens Campus Library
Γλώσσα καταλογογράφησης Ελληνικά, Μοντέρνα (1453-)
Modifying agency MC Athens Campus Library
Κανόνες περιγραφικής καταλογογράφησης AACR2
245 1# - ΤΙΤΛΟΣ ΚΑΙ ΔΗΛΩΣΗ ΥΠΕΥΘΥΝΟΤΗΤΑΣ
Τίτλος Being Direct / Making Advertising Pay
260 ## - PUBLICATION, DISTRIBUTION, ETC.
Name of publisher, distributor, etc. Random House,
Date of publication, distribution, etc. 1996
300 ## - PHYSICAL DESCRIPTION
Extent 314
520 ## - SUMMARY, ETC.
Summary, etc. A must read for anyone who wants to understand what direct marketing is about. Preface, Introduction, How it All Began, How to Discover a New Medium, God's Hearing Aid, The Power of Clubs, Discovering the Magic Ingredient: Choice, The American Express Card, How to Start and Advertising Agency, How I Discovered Direct Marketing, How to Be a Chief, Creating a New Direct Marketing, Time Flies, American Express Cards Welcome Here, Acknowledgments, Index.
700 1# - ΠΡΟΣΘΕΤΗ ΑΝΑΓΡΑΦΗ--ΦΥΣΙΚΟ ΠΡΟΣΩΠΟ
Personal name Wunderman Lester
9 (RLIN) 3562
942 ## - ADDED ENTRY ELEMENTS (KOHA)
Koha item type Books
Holdings
Τύπος τεκμηρίου Βιβλιοθήκη Τρέχουσα τοποθεσία Barcode Αριθμός εισαγωγής Ημερομηνία απόκτησης Ταξιθετικό σύμβολο Αριθμός αντιτύπου Κατάσταση απόσυρσης Κατάσταση χαμένου Κατάσταση κατεστραμμένου Μη δανεισμός Σύνολο δανεισμών Ημερομηνία τελευταίας εμφάνισης Η τιμή ισχύει από
Books MC Athens Campus Library MC Athens Campus Library 9780000028259 5639 05/06/2025 658.8/4 WUN 1           05/06/2025 05/06/2025

MC Athens Campus Library
Πατησίων 94 & Κοδριγκτώνος 13, 104 34
Πελλήνης 8 & Πατησίων 107, 112 51
Τ: +30 210 8899600

MC Thessaloniki Campus Library
Ίωνος Δραγούμη 21, 54625 | Ίωνος Δραγούμη 15, 54625
Τ: +30 2310 287779 – Τ: +30 2314 440300